000 00284nam a2200109Ia 4500
008 230907s9999||||xx |||||||||||||| ||und||
082 _a621.48335
_bCOC
245 4 _aThe nuclear fuel cycle :
260 _aAmerican Nuclear Society,
_bIllinois :
_c1999
300 _a381 p.
942 _cBK
999 _c599357
_d599357